000 00985nam a2200265Ia 4500
003 OSt
005 20221005110652.0
006 a|||||r|||| 00| 0
007 ta
008 221004b |||||||| |||| 00| 0 hin d
020 _a9789387462441 (hbk)
_cINR 495.00
024 _a43294
037 _bBR/7269, 16/02/2019, Rajkamal Prakashan Pvt. Ltd.
_cTextual
040 _aCRL
_cCRL
_bhin
041 _2hin
_ahin
082 _aW94, 152Q8
100 _aरविकान्त, संपा.
245 0 _aआज के आईने में राष्ट्रवाद
246 _aĀj ke āīne mean rāṣhṭravāda
260 _aनई दिल्ली
_bराजकमल प्रकाशन भारत
_c2018
300 _a191पृ0
_ccm.
650 _aराष्ट्रवाद
942 _hW94, 152Q8
_cTEXL
_2cc
999 _c1019535
_d1019535